000 00475nam a2200181Ia 4500
008 240925s9999 xx 000 0 und d
020 _a9781118369944
082 _a658.872 SHE
100 _aShelton, Ted
245 0 _aBusiness Models for the Social Mobile Cloud
250 _aNA
260 _aNew York:
_bJohn Wiley& Sons
_c,2013.
300 _axix, 688p.
_b0
_fOriginal
500 _aIncludes Index
600 _aSocial Sciences
650 _aManagement
942 _cBK
999 _c14568
_d14568